| 000 | 00987nam a2200253Ia 4500 | ||
|---|---|---|---|
| 003 | OSt | ||
| 005 | 20220927103618.0 | ||
| 006 | a|||||r|||| 00| 0 | ||
| 007 | ta | ||
| 008 | 220926b |||||||| |||| 00| 0 eng d | ||
| 024 | _a70687 | ||
| 037 | _cReference Collections | ||
| 040 |
_aRTL _cRTL _beng |
||
| 041 |
_2eng _aeng |
||
| 082 | _a"X755:(Z,3), H9.58-1/UN" | ||
| 110 |
_aInteernational bank for Reconstruction and Development and Hidronor S A Hidroelectrica. Norpatagonica Sociedad Anonima _9360523 |
||
| 245 | 0 |
_aAgreement amending loan agreement 1949 _b El Chocon power project. |
|
| 260 |
_aNew _bYork International Bank for Reconstruction and Development U _c1973 |
||
| 300 |
_a7p. _ccm. |
||
| 650 |
_aForeign Loan _9360524 |
||
| 700 |
_aInteernational bank for Reconstruction and Development and Hidronor S A Hidroelectrica. Norpatagonica Sociedad Anonima _9360525 |
||
| 942 |
_h"X755:(Z,3), H9.58-1/UN" _cCC |
||
| 999 |
_c684303 _d684303 |
||